000 00317nam a22001457a 4500
008 221115b ||||| |||| 00| 0 eng d
020 _a9780691058627
041 _aeng
080 _a521
082 _a521KIR
100 _a19.1
101 _aASTRO
245 _aEXTRAVAGANT UNIVERSE
_cKIRSHNER R
942 _2udc
_cBK
999 _c58906
_d58906